Normal view
MARC view
- Blazev, Anco
Entry Personal Name
001 - CONTROL NUMBER
- control field: 118049
003 - CONTROL NUMBER IDENTIFIER
- control field: NUST
005 - DATE AND TIME OF LATEST TRANSACTION
- control field: 20230919151930.0
008 - FIXED-LENGTH DATA ELEMENTS
- fixed length control field: 230919|| aca||aabn | a|a d
040 ## - CATALOGING SOURCE
- Original cataloging agency: NUST
- Transcribing agency: NUST
100 ## - HEADING--PERSONAL NAME
- Personal name: Blazev, Anco
670 ## - SOURCE DATA FOUND
- Source citation: Work cat.: (NUST)599669: Blazev, Anco , Solar technologies for the 21st century /, 2019-09-27
